Loading...
| Science - Biology | 0 | 4 | 0 | 1 | 40 | 62 | 74.50 | 1 | 4 |
| Current Events | 0 | 3 | 0 | 0 | 30 | 30 | 36.00 | 2 | 3 |
| Social Science | 0 | 2 | 1 | 0 | 15 | 39 | 44.00 | 2 | 2 |
| Literature - World Literature | 0 | 1 | 0 | 0 | 10 | 65 | 65.00 | 0 | 0 |
| History - Other History | 0 | 1 | 0 | 1 | 10 | 110 | 110.00 | 0 | 1 |
| Science - Chemistry | 0 | 1 | 1 | 0 | 5 | 56 | 56.00 | 0 | 1 |
| Science - Other Science | 0 | 1 | 1 | 1 | 5 | 108 | 108.00 | 0 | 1 |
| Geography | 0 | 0 | 0 | 0 | 0 | 0.00 | 0 | 0 | |
| Fine Arts - Classical Music | 0 | 0 | 1 | 0 | -5 | 0.00 | 0 | 0 | |
| Literature - European Literature | 0 | 0 | 1 | 0 | -5 | 0.00 | 0 | 0 | |
| Mythology | 0 | 0 | 1 | 0 | -5 | 0.00 | 0 | 0 | |
| Fine Arts - Other Fine Arts | 0 | 0 | 1 | 0 | -5 | 0.00 | 0 | 0 |